[Event "GRE-chT 39th"]
[Site "Eretria"]
[Date "2011.07.07"]
[Round "6.4"]
[White "Stoumbou, Eleni"]
[Black "Grapsa, Georgia"]
[Result "1/2-1/2"]
[WhiteElo "1873"]
[BlackElo "2057"]
[PlyCount "105"]
[EventDate "2011.07.03"]
[EventType "team-swiss"]
[EventRounds "7"]
[EventCountry "GRE"]
[SourceTitle "CBM 143 Extra"]
[Source "ChessBase"]
[SourceDate "2011.08.29"]
[SourceVersion "1"]
[SourceVersionDate "2011.08.29"]
[SourceQuality "1"]
[WhiteTeam "Panionios"]
[BlackTeam "Thessaloniki Galaxias"]
[WhiteTeamCountry "GRE"]
[BlackTeamCountry "GRE"]

1. e4 c6 2. c4 d5 3. exd5 cxd5 4. cxd5 Nf6 5. Qa4+ Nbd7 6. Nc3 g6 7. Nf3 Bg7 8. Bb5 0-0 9. Bxd7 Nxd7 10. 0-0 Nb6 11. Qh4 Nxd5 12. Nxd5 Qxd5 13. Qxe7 Bg4 14. Qa3 Rfe8 15. d4 Bxf3 16. Qxf3 Qxf3 17. gxf3 Bxd4 18. Rd1 Rad8 19. Bh6 f6 20. Rac1 Kf7 21. Rc7+ Re7 22. Rxe7+ Kxe7 23. Re1+ Kf7 24. Be3 Bxe3 25. Rxe3 Rd2 26. Rb3 b6 27. Ra3 Rxb2 28. Rxa7+ Ke6 29. a4 h5 30. a5 bxa5 31. Rxa5 Rd2 32. Kg2 Rd5 33. Ra6+ Kf5 34. Kg3 Rc5 35. Rb6 g5 36. Rb4 h4+ 37. Kg2 Kg6 38. Rb6 Rf5 39. Rb3 Rf4 40. Rb6 Rc4 41. Ra6 Kf5 42. h3 Kg6 43. Rb6 Rf4 44. Ra6 Kh5 45. Ra5 Kg6 46. Ra6 Rf5 47. Rb6 Rd5 48. Ra6 Kf5 49. Rb6 Ke5 50. Ra6 f5 51. Ra4 Rd4 52. Ra5+ Kf4 53. Ra8 1/2-1/2